| 000 | 01606nam a2200421 i 4500 | ||
|---|---|---|---|
| 001 | DIGTRO0242 | ||
| 003 | NyNyDIG | ||
| 007 | cr ||||||||||| | ||
| 008 | 231019t20232007sp ob 000 0 spa d | ||
| 006 | m o d | ||
| 035 | _a(OCoLC)1406036751 | ||
| 040 |
_aDGITA _beng _erda _epn _cDGITA |
||
| 020 |
_a9788413641348 _q(edición digital e-pub) |
||
| 020 | _z9788481648768 | ||
| 050 | 1 | 4 | _aBV4501.3 ebook |
| 100 | 1 |
_aCastillo, José María, _d1929- _eauthor. |
|
| 245 | 1 | 0 |
_aEspiritualidad para insatisfechos / _cJosé M. Castillo. |
| 264 | 1 |
_a[Madrid] : _bEditorial Trotta, _c[2023] |
|
| 264 | 4 | _c©2007 | |
| 300 | _a1 online resource. | ||
| 336 |
_atext _btxt _2rdacontent |
||
| 337 |
_acomputer _bc _2rdamedia |
||
| 338 |
_aonline resource _bcr _2rdacarrier |
||
| 347 |
_atext file _2rdaft |
||
| 347 | _bEPUB | ||
| 490 | 1 | _aColección Estructuras y procesos. Serie Religión | |
| 504 | _aIncludes bibliographical references. | ||
| 588 | 0 | _aOnline resource; title from ePub title page (Digitalia, viewed October 19, 2023) | |
| 650 | 0 | _aSpirituality. | |
| 650 | 0 |
_aSpiritual life _xChristianity. |
|
| 791 | 2 |
_aDigitalia (Firm), _edistributor. |
|
| 793 | 0 |
_gDigitalia eBook Collection: _aTrotta Editorial |
|
| 776 | 0 | 8 |
_iPrint version: _aCastillo, José María, 1929- _tEspiritualidad para insatisfechos. _bQuinta edición. _dMadrid : Editorial Trotta, [2011] _z9788481648768 |
| 830 | 0 |
_aColección Estructuras y procesos. _pSerie Religión. |
|
| 856 | 4 | 0 |
_3Digitalia Hispánica _uhttps://www.digitaliapublishing.com/a/130596/ |
| 910 | _aPremium collection: 2023 | ||
| 942 | _cRAA | ||
| 999 |
_c281037 _d281037 |
||